| 000 | 00759nam a2200265 a 4500 | ||
|---|---|---|---|
| 999 |
_c2406 _d2406 |
||
| 001 | 15770 | ||
| 003 | BD-DhUAP | ||
| 005 | 20210130093451.0 | ||
| 008 | 101219s2008 it a b 000 0 eng d | ||
| 020 | _a9788861305373 | ||
| 040 |
_aBD-DhUAP _bEng _cBD-DhUAP _dBD-DhUAP |
||
| 082 | 0 | 4 |
_a709.04063 GUA _223 |
| 100 | 1 |
_aGualdoni, Flaminio. _932345 |
|
| 245 | 0 | 0 |
_aSurrealism / _cFlaminio Gualdoni. |
| 260 |
_aMilan : _bSkira, _cc2008. |
||
| 300 |
_a95 pages : _billustrations ; _c17 cm. |
||
| 490 | 0 | _aSkira mini ARTbook series | |
| 500 |
_aFormerly CIP. _5 Uk |
||
| 504 | _aIncludes bibliographical references. | ||
| 526 | _aARC | ||
| 650 | 0 |
_aSurrealism. _932346 |
|
| 942 |
_2ddc _cBK |
||